Who Stole That Book Off the Shelf? Quiz Stats

 Plays Quiz Updated Jul 31, 2016

Challenge
Share
Tweet
Score 0/24 Timer 08:00
10 Plays Today
% Correct
a) Twilight  [Twilight series by Stephenie Meyer]
97.4%
c) Twelfth Night  [Shakespeare plays]
88.8%
a) Leviticus, Numbers, Deuteronomy  [Old Testament books in order]
86.6%
a) Pride and Prejudice  [Works of Jane Austen]
85.9%
c) Deathly Hallows  [Harry Potter series by J.K. Rowling]
83.6%
a) Fox in Socks  [Dr. Seuss books]
83.4%
a) A Game of Thrones  [A Song of Ice and Fire series by George R. R. Martin]
80%
c) Bond Villains  [Ever-changing James Bond elements]
79.9%
c) Agnes Grey, by Anne Brontë  [Authored by the 3rd Brontë sister, Anne]
77.7%
b) The BFG  [Actual title of Roald Dahl's book, aka 'The Big Friendly Giant']
77.3%
a) Doctor Zhivago - Boris Pasternak  [Russian Authors]
75.3%
a) The Magician's Nephew  [The Chronicles of Narnia by C.S. Lewis]
75.1%
% Correct
b) Heller  [Yossarian was a character; Salinger wrote 'Catcher in the Rye']
67.6%
c) The Silmarillion  [Works of J.R.R. Tolkien]
66.9%
b) A Farewell To Arms  [Works of Ernest Hemingway]
63.7%
c) To Kill a Mockingbird - Harper Lee  [Female Authors]
63.3%
a) Pudd'nhead Wilson  [Works of Mark Twain]
62.4%
a) Little Dorrit  [Works of Charles Dickens]
60.5%
b) The Regulators [Works by Stephen King & his pseudonym Richard Bachman]
58%
a) Elements - Euclid  [Works whose content was originally authored BCE]
55.7%
b) Frozen Desserts  [Alphabetical by Title]
48.8%
c) Their Finest Hour  [Works of Winston Churchill]
47.4%
a) The Holiday Book - Woodworth  [Titles with a 'Book' end]
42.6%
b) Kim - Rudyard Kipling  [One-word Titles]
41.7%

You're not logged in!

Compare scores with friends on all Sporcle quizzes.
Join for Free
OR
Log In

You Might Also Like...

Show Comments

Extras

Top Quizzes Today


Score Distribution

Your Account Isn't Verified!

In order to create a playlist on Sporcle, you need to verify the email address you used during registration. Go to your Sporcle Settings to finish the process.

Report this User

Report this user for behavior that violates our Community Guidelines.

Details: